| 000 | 01092cab a2200229 4500 | ||
|---|---|---|---|
| 001 | X3677 | ||
| 008 | 090401t1996 xxu||||| |||| 00| 0 eng d | ||
| 035 | _a(Sirsi) u32063 | ||
| 041 | _aeng | ||
| 245 | _aKalra v SoS Environment and Waltham Forest LBC | ||
| 260 | _c1996 | ||
| 350 | _a0 | ||
| 490 |
_aJournal of Planning and Environment Law _v[1996] JPL 850-857(7) |
||
| 520 | _aCA 25 October 1995. Use Classes Order 1987 - Class A2 - Class B1 - solicitors offices - premises formerly a shop within Class A1 - whether professional services - whether any other services appropriate to provide in a shopping area - services provided principally to visiting members of the public - appointments - question of fact - Inspector misapplied the tests appropriate to Class A2 - appeal allowed. (HEADNOTE FROM JOURNAL) | ||
| 650 | _aCLLASS A2 | ||
| 650 | _aKALRA V SOS ENVIRONMENT AND WALTHAM FOREST LBC | ||
| 650 | _aSOLICITORS OFFICES | ||
| 650 | _aTOWN AND COUNTRY PLANNING (USE CLASSES) ORDER 1987 | ||
| 690 | _aPLANNING LAW AND PRACTICE-CASE LAW | ||
| 942 | _n0 | ||
| 948 | _c04/03/1997 | ||
| 999 |
_c21519 _d21519 |
||